000 00592nam a2200241Ia 4500
003 OSt
005 20220912151114.0
006 a|||||r|||| 00| 0
007 ta
008 220909b |||||||| |||| 00| 0 eng d
024 _a56393
037 _cTextual
040 _aCSL
_beng
_cCSL
041 _aeng
082 _aK:12, J8
100 _aBurton Maurice
245 0 _aAnimal families
260 _aLondon
_bRoutledge & Kegan Paul
_c1958
300 _aviii.154p.
_ccm.
650 _aAnimals
942 _hK:12, J8
_cTEXL
_2CC
999 _c61342
_d61342